书目信息 |
| 题名: |
化学试剂·化学药品手册
|
|
| 作者: | 赵天宝 主编 | |
| 分册: | ||
| 出版信息: | 北京 化学工业出版社 2006 |
|
| 页数: | 1389页 | |
| 开本: | 26cm | |
| 丛书名: | ||
| 单 册: | ||
| 中图分类: | TQ42-62 , R97-62 | |
| 科图分类: | ||
| 主题词: | 化学试剂--手册 , 药品--手册 , 化学试剂 , 药品 | |
| 电子资源: | ||
| ISBN: | 7-5025-7849-8 | |
| 000 | 00971nam0 2200289 450 | |
| 001 | 012007736433 | |
| 005 | 20070625112116.92 | |
| 010 | @a7-5025-7849-8@b精装@dCNY240.00 | |
| 100 | @a20070515d2006 km y0chiy0120 ea | |
| 101 | 0 | @achi |
| 102 | @aCN@b110000 | |
| 105 | @ay z 000yy | |
| 106 | @ar | |
| 200 | 1 | @a化学试剂·化学药品手册@Ahua xue shi ji·hua xue yao pin shou ce@f赵天宝主编@Fzhao tian bao zhu bian |
| 205 | @a2版 | |
| 210 | @a北京@c化学工业出版社@d2006 | |
| 215 | @a1389页@d26cm | |
| 330 | @a本书收集了目前国内外常用的化学试剂、化学药品产品近8500种的最新资料、包括中英文正名和别名、结构式、分子式、相对分子质量、所含元素百分比、性状、理化常数、国家危险物品名编号、国家化学试剂标准编号等内容。 | |
| 606 | 0 | @a化学试剂@j手册 |
| 606 | 0 | @a药品@j手册 |
| 606 | 0 | @a化学试剂 |
| 606 | 0 | @a药品 |
| 690 | @aTQ42-62@v4 | |
| 690 | @aR97-62@v4 | |
| 701 | 0 | @a赵天宝@Azhao tian bao@4主编 |
| 801 | 0 | @aCN@bRULIN@c20070625 |
| 905 | @dTQ42-62@e18=2@s2 | |
| 化学试剂·化学药品手册/赵天宝主编.-2版.-北京:化学工业出版社,2006 |
| 1389页;26cm |
| ISBN 7-5025-7849-8(精装):CNY240.00 |
| 本书收集了目前国内外常用的化学试剂、化学药品产品近8500种的最新资料、包括中英文正名和别名、结构式、分子式、相对分子质量、所含元素百分比、性状、理化常数、国家危险物品名编号、国家化学试剂标准编号等内容。 |
| ● |
| 相关链接 |
|
|
|
|
正题名:化学试剂·化学药品手册
索取号:TQ42-62/18=2
 
预约/预借
| 序号 | 登录号 | 条形码 | 馆藏地/架位号 | 状态 | 备注 |
| 1 | 0579431 | 205794318 | 第二样本阅览室/ [索取号:TQ42-62/18=2] | 在馆 | |
| 2 | 0579432 | 205794327 | 工具书阅览室/ [索取号:TQ42-62/18=2] | 在馆 |